[Event "79th ITA-ch 2019"]
[Site "Padova"]
[Date "2019.11.25"]
[Round "2.4"]
[White "Di Benedetto, Edoardo"]
[Black "David, Alberto"]
[Result "1/2-1/2"]
[WhiteElo "2396"]
[BlackElo "2542"]
[Annotator "TA"]
[PlyCount "47"]
[EventDate "2019.11.24"]
[EventType "tourn"]
[EventCountry "ITA"]
[SourceTitle "playchess.com"]
[Source "ChessBase"]
[SourceQuality "1"]

{[%evp 19,47,19,26,15,23,-1,8,0,18,0,0,-35,-29,-58,-57,-49,-50,-68,0,0,0,0,0,0,33,39,62,47,43,19]} 1. d4 Nf6 2. c4 e6 3. Nc3 Bb4 4. e3 O-O 5. Bd3 c5 6. a3 Bxc3+ 7. bxc3 Nc6 8. Nf3 d6 9. e4 e5 10. d5 Ne7 {[%cal Bc6e7,Be7g6,Bg6f4][%mdl 32]} 11. O-O {E29: Nimzo-Indian: Sämisch: 5...0-0 6 e3 c5 7 Bd3 Nc6} (11. h3 Ng6 12. g3 Bd7 13. Kf1 h6 14. Ra2 Nh7 15. g4 Qf6 16. Ng1 Nh4 17. f3 Rfb8 18. Rf2 g5 {0-1 (39) Vitiugov,N (2709)-Khismatullin,D (2656) Plovdiv 2012}) 11... Ne8 12. Ne1 Ng6 13. Qc2 {[#] The position is equal.} Qf6 $146 ({Predecessor:} 13... Bd7 14. g3 Qc8 15. Ng2 Bh3 16. f3 {0-1 (26) Terrieux,K (2395)-Arnold,M (2502) Calvi 2012}) 14. Be3 Nf4 15. f3 (15. Bxf4 $5 Qxf4 16. f3 $11) 15... Nxd3 16. Nxd3 Qg6 $1 17. Nf2 f5 18. f4 exf4 ({Better is} 18... b6 $1 $15) 19. Bxf4 $11 fxe4 20. Qxe4 ({Of course not} 20. Nxe4 Bf5 $17) 20... Bf5 21. Qe7 Rc8 22. Qxb7 {White is slightly better.} Rc7 23. Qb2 $1 Rcf7 24. Qd2 {Accuracy: White = 33%, Black = 56%.} 1/2-1/2

[Event "79th ITA-ch 2019"]
[Site "Padova"]
[Date "2019.11.25"]
[Round "2.5"]
[White "Barp, Alberto"]
[Black "Brunello, Marina"]
[Result "1/2-1/2"]
[WhiteElo "2382"]
[BlackElo "2378"]
[Annotator "TA"]
[PlyCount "85"]
[EventDate "2019.11.24"]
[EventType "tourn"]
[EventCountry "ITA"]
[SourceTitle "playchess.com"]
[Source "ChessBase"]
[SourceQuality "1"]

{[%evp 9,85,20,20,26,49,46,46,45,50,8,69,82,55,56,64,64,56,68,116,99,132,130,137,119,129,111,152,163,184,175,223,139,161,141,160,177,164,152,243,141,139,140,157,145,152,149,150,145,150,146,132,0,0,0,0,0,301,287,250,35,35,35,35,35,37,44,188,32,237,225,234,56,68,0,229,0,62,0]} 1. d4 d5 2. Nf3 Nf6 3. c4 c6 4. g3 Bf5 5. Nc3 e6 6. Nh4 {D11: Slav Defence: 3 Nf3 sidelines and 3...Nf6 4 e3 Bg4} Be4 7. f3 Bg6 8. Qb3 Qb6 9. c5 $146 ({Predecessor:} 9. Nxg6 hxg6 10. c5 Qc7 11. e4 dxe4 12. Bf4 {1-0 (54) Inarkiev,E (2693)-Hovhannisyan,R (2637) St Petersburg 2018}) 9... Qc7 (9... Qxb3 $11 10. axb3 Bc2) 10. Bf4 $14 Qc8 11. e4 $36 {[%mdl 2048] White has good play.} dxe4 12. Nxg6 hxg6 13. fxe4 Nbd7 14. e5 Nd5 15. Nxd5 cxd5 16. Rc1 Be7 17. Bd3 a6 18. Be3 g5 19. O-O Nb8 20. Qd1 Nc6 21. Qg4 f5 22. exf6 $1 gxf6 23. Rce1 $1 {Bxg5! is the strong threat.} Qd7 (23... Kd8 $16 {is a better defense.}) 24. Bg6+ (24. Bd2 $18 e5 25. Bf5) 24... Kd8 $16 25. Bd2 Rh6 (25... f5 $2 26. Rxf5 $1 {[%mdl 512]} exf5 27. Bxf5 $18) 26. Bc2 f5 27. Rxf5 $1 exf5 28. Bxf5 Qe8 29. Bxg5 Rh5 {[#]} 30. h4 (30. Bf6 $1 $16 {[%mdl 512]} Qf7 (30... Bxf6 31. Rxe8+) 31. Bxe7+ Nxe7 32. Be6) 30... Rxg5 $1 $11 31. hxg5 {Black must now prevent g6.} Qh8 32. g6 $1 {[%cal Rg6g7]} Bf6 $2 {[%mdl 8192]} (32... Qg7 $1 $11 {and Black has nothing to worry.}) 33. Kg2 $18 {Strongly threatening Qf3.} Bxd4 34. Rh1 $2 ({White should try} 34. Bd7 $18) 34... Qe5 $14 35. Rh7 Ne7 36. Be6 {aiming for g7.} Qe3 {( -> ...Qg1+)} 37. Bxd5 {Threatens to win with g7.} Bf6 (37... Bxc5 $14 38. Kh3 (38. Bxb7 Rb8 $14) 38... Qd4 39. Qxd4 (39. Bxb7 Qxg4+ 40. Kxg4 Rb8 $11) 39... Bxd4) 38. Be4 $2 (38. Bf3 $18) 38... Kc7 $2 ({Black should play} 38... Rc8 $1 $14) 39. Qe6 $18 {[%mdl 1088] White threatens Qd6+ and mate. Double Attack. White has strong compensation.} Qd2+ 40. Kf3 $2 ({Don't take} 40. Kh3 $6 Qd7 $16) (40. Kh1 $18 Qc1+ 41. Kh2 Qxb2+ 42. Kh3) 40... Qd1+ $14 41. Kg2 $2 (41. Kf4 $14 Qc1+ 42. Kf3 Qf1+ 43. Kg4 Qd1+ 44. Kh3) 41... Qd2+ $18 42. Kf3 $2 ({Much less strong is} 42. Kh3 $6 Qd7 $16) (42. Kh1 $18 Qc1+ 43. Kh2 Qxb2+ 44. Kh3) 42... Qd1+ $14 43. Kg2 {Accuracy: White = 52%, Black = 42%.} (43. Kf4 $14 Qc1+ 44. Kg4 Qd1+ 45. Kh3) 1/2-1/2

[Event "79th ITA-ch 2019"]
[Site "Padova"]
[Date "2019.11.25"]
[Round "2.6"]
[White "Bellia, Fabrizio"]
[Black "Stella, Andrea"]
[Result "1/2-1/2"]
[WhiteElo "2433"]
[BlackElo "2475"]
[Annotator "TA"]
[PlyCount "70"]
[EventDate "2019.11.24"]
[EventType "tourn"]
[EventCountry "ITA"]
[SourceTitle "playchess.com"]
[Source "ChessBase"]
[SourceQuality "1"]

{[%evp 22,70,34,42,41,0,0,-8,-9,0,0,-52,-29,-39,0,0,0,0,31,31,39,10,19,16,12,8,13,6,6,6,18,15,20,0,0,0,0,0,0,0,0,0,0,0,0,0,0,0,0,0,0]} 1. e4 c5 2. Nf3 e6 3. d4 cxd4 4. Nxd4 Nf6 5. Nc3 Nc6 6. Nxc6 bxc6 7. e5 Nd5 8. Ne4 Qc7 9. f4 Qb6 10. c4 Bb4+ 11. Ke2 f5 12. exf6 Nxf6 {B45: Sicilian Four Knights} 13. Nxf6+ (13. Be3 Qd8 14. Nd6+ Bxd6 15. Qxd6 Bb7 16. Kd1 c5 17. Bd3 Rc8 18. Kc2 Qb6 19. Qxb6 axb6 20. a4 Bxg2 {0-1 (43) Czarnota,P (2532)-Navara,D (2724) Katowice 2019}) 13... gxf6 14. Be3 Bc5 15. Bxc5 Qxc5 16. Kf3 (16. Rc1 $11) 16... Bb7 {[#]} 17. b4 $1 {[%mdl 512]} Qh5+ $146 (17... Qxb4 {with more complications.} 18. Rb1 Qc3+ 19. Qd3 Qxd3+ 20. Bxd3 O-O-O) ({Predecessor:} 17... Qxb4 18. Rb1 Qa3+ {0-1 (75) Rodi,L (2314)-Roselli Mailhe,B (2433) Montevideo 2018}) 18. Kf2 Qxd1 19. Rxd1 c5 20. bxc5 Ke7 21. Bd3 Rac8 {The position is equal.} 22. Rb1 Ba6 23. Rb4 Rxc5 24. Ra4 Rc6 25. Rb1 Rhc8 {[%cal Ra6c4]} 26. Rbb4 f5 27. Be2 R8c7 28. a3 Bc8 29. Rb3 d6 30. Rb8 Kf6 31. Ra8 Ba6 {[%cal Ra6c4]} 32. Bf3 Rb6 33. Be2 {Black must now prevent c5!} Rbc6 $1 34. Bf3 Rb6 35. Be2 {aiming for c5!} Rbc6 $1 {Accuracy: White = 72%, Black = 63%.} 1/2-1/2

[Event "79th ITA-ch 2019"]
[Site "Padova"]
[Date "2019.11.26"]
[Round "3.1"]
[White "Stella, Andrea"]
[Black "Brunello, Sabino"]
[Result "1/2-1/2"]
[WhiteElo "2475"]
[BlackElo "2549"]
[Annotator "TA"]
[PlyCount "48"]
[EventDate "2019.11.24"]
[EventType "tourn"]
[EventCountry "ITA"]
[SourceTitle "playchess.com"]
[Source "ChessBase"]
[SourceQuality "1"]

{[%evp 22,48,26,22,5,1,22,0,16,0,0,0,2,0,4,4,0,0,0,0,8,0,0,1,0,6,2,0,0]} 1. d4 Nf6 2. c4 e6 3. Nf3 d5 4. Nc3 Nbd7 5. Bg5 h6 6. Bh4 Be7 7. e3 O-O 8. Rc1 dxc4 9. Bxc4 a6 10. a4 c5 11. O-O cxd4 12. exd4 Nb6 {The position is equal. D63: Queen's Gambit Declined: Classical: 7 Rc1} 13. Bb3 Bd7 14. a5 Nc8 {[#]} 15. d5 $146 (15. Re1 {keeps more tension.} Bc6 16. Ne5 Qxa5 17. Qd3 Qb6 18. Bc2) ({Predecessor:} 15. Ne5 Bc6 16. Qe2 Nd6 17. Nxc6 bxc6 18. Na4 Nf5 19. Bxf6 Bxf6 20. Nb6 Nxd4 {½-½ (78) Banikas,H (2646)-Mastrovasilis,A (2513) Porto Rio 2014}) 15... Nxd5 16. Nxd5 exd5 17. Qxd5 Bb5 18. Qxd8 $1 ({But not} 18. Qxb7 Ra7 $17) 18... Rxd8 19. Rfe1 $36 {[%mdl 2048] White has the initiative.} Bxh4 20. Nxh4 Rd2 21. Bc2 Nd6 22. Nf3 Rd5 23. Bb3 Rd3 24. Bc2 Rd5 1/2-1/2

[Event "79th ITA-ch 2019"]
[Site "Padova"]
[Date "2019.11.26"]
[Round "3.2"]
[White "Brunello, Marina"]
[Black "Bellia, Fabrizio"]
[Result "0-1"]
[WhiteElo "2378"]
[BlackElo "2433"]
[Annotator "TA"]
[PlyCount "104"]
[EventDate "2019.11.24"]
[EventType "tourn"]
[EventCountry "ITA"]
[SourceTitle "playchess.com"]
[Source "ChessBase"]
[SourceQuality "1"]

{[%evp 23,104,20,15,25,29,0,0,-22,-10,-7,-16,-22,-26,-35,-24,-14,-20,-20,0,0,0,-4,0,-16,-13,0,-7,-14,-41,-59,-55,-74,-75,-70,-87,-84,-14,-112,-113,-149,-131,-154,-157,-158,-169,-210,-195,-292,-276,-266,-279,-269,-270,-309,-300,-329,-316,-419,-395,-494,-477,-486,-484,-641,-670,-5045,-4941,-29961,-29962,-29962,-6185,-6185,-29957,-29982,-6135,-29990,-5373,-29991,-29992,-29993,-29994,-29994,-29995]} 1. e4 e5 2. Nf3 Nc6 3. Bb5 a6 4. Ba4 Nf6 5. d3 b5 6. Bb3 Be7 7. O-O d6 8. a4 Bd7 9. c3 O-O 10. Re1 Na5 11. Bc2 c5 12. Nbd2 Qc7 13. Nf1 {C90: Closed Ruy Lopez with 7...d6: Early deviations} h6 (13... Rfc8 14. Bg5 Be6 15. Ne3 b4 16. cxb4 cxb4 17. d4 Ng4 18. Rc1 Bxg5 19. Nxg5 Nxe3 20. fxe3 Ba2 {1-0 (37) Yu,Y (2750)-Motylev,A (2658) Fufeng 2017}) 14. axb5 axb5 15. Ng3 {The position is equal.} Nc6 16. Rxa8 Rxa8 17. h3 Ra1 $146 ({Predecessor:} 17... b4 18. Nh2 Ra1 19. Qe2 Be6 20. Be3 Qa5 21. Qd2 Bd8 {½-½ (21) Kraft,H (2189)-Petzold,H (1987) Finsterbergen 2003}) 18. Qe2 b4 19. Be3 Qa5 20. Qd2 bxc3 21. bxc3 Ra3 22. Ne2 Ra2 23. Qc1 Be6 24. Bb1 Ra3 25. d4 {[#] Strongly threatening d5.} Bc4 26. d5 Na7 27. Bd2 Ra1 28. Qb2 Nb5 29. Ng3 {With the idea Nf5.} g6 {[#]} ({Better is} 29... Qa3 $17 30. Qxa3 Nxa3) 30. Nf1 (30. Bd3 $1 $11 {[%mdl 512]} Rxe1+ (30... Bxd3 31. Rxa1) 31. Nxe1 Bxd3 32. Nxd3) 30... Qa3 $17 31. Qc2 Bb3 32. Qd3 c4 $36 {[%mdl 2048] Black has strong initiative.} 33. Qe3 Qa5 {White must now prevent ...Na3.} 34. Bd3 Rxe1 ({Weaker is} 34... Nxc3 35. Bb1 $11) 35. Qxe1 (35. Bxe1 $142 cxd3 36. c4) 35... cxd3 $19 36. c4 Qa4 37. cxb5 Nxe4 38. Bxh6 Bxd5 39. b6 Qb5 40. Ne3 Bb7 41. Qd1 Kh7 42. Qc1 {White wants to play Qc7.} Qxb6 43. Qc4 d5 ({Not} 43... Kxh6 44. Qxf7 Nxf2 45. Qxe7 $11) 44. Nxd5 Qxf2+ 45. Kh1 Ng3+ 46. Kh2 Nf1+ 47. Kh1 Kxh6 48. Nxe5 Bxd5 49. Qxd5 Kg7 (49... Ne3 $142 50. Qf3 Qe1+ 51. Kh2 Nf1+ {[%mdl 64] Discovered Attack} 52. Qxf1 Qxf1 53. Nc4 Qf4+ 54. Kg1 Bc5+ 55. Kh1 Qxc4 56. g3 Qd4 57. Kg2 Qf2+ 58. Kh1 Qg1#) 50. Qxd3 Ne3 {[%csl Ge3][%cal Rf2g2] Black mates.} 51. Qe4 Qe1+ 52. Kh2 Nf1+ {[%mdl 64] Discovered Attack. Accuracy: White = 36%, Black = 74%.} 0-1

[Event "79th ITA-ch 2019"]
[Site "Padova"]
[Date "2019.11.26"]
[Round "3.3"]
[White "David, Alberto"]
[Black "Barp, Alberto"]
[Result "1/2-1/2"]
[WhiteElo "2542"]
[BlackElo "2382"]
[Annotator "TA"]
[PlyCount "46"]
[EventDate "2019.11.24"]
[EventType "tourn"]
[EventCountry "ITA"]
[SourceTitle "playchess.com"]
[Source "ChessBase"]
[SourceQuality "1"]

{[%evp 13,46,20,33,18,18,6,0,6,18,18,10,10,13,10,14,9,16,8,12,8,8,0,0,0,0,0,0,0,18,-31,0,0,22,0,2]} 1. d4 d5 2. c4 e6 3. Nc3 Bb4 4. e3 Nf6 5. a3 Bxc3+ 6. bxc3 c6 7. Nf3 O-O 8. Be2 {E51: Nimzo-Indian: Rubinstein: 4...0-0 5 Nf3 d5} b6 9. Nd2 Ba6 10. O-O Nbd7 11. cxd5 $146 ({Predecessor:} 11. a4 Qc7 12. Re1 c5 13. cxd5 Bxe2 14. Qxe2 Nxd5 15. Bb2 cxd4 16. cxd4 {1-0 (40) Kovalenko,I (2651)-Moiseenko,A (2648) Fornebu 2016}) 11... Bxe2 12. Qxe2 {With the idea dxe6.} cxd5 13. c4 Qc8 14. Bb2 Qa6 15. Rfc1 Rac8 16. a4 Rc6 17. Qf1 Rfc8 {[%cal Rd5c4]} 18. cxd5 Qxf1+ 19. Kxf1 Nxd5 20. Ke2 Rxc1 21. Bxc1 Nb8 22. Bb2 Rc2 23. Rb1 Kf8 {Accuracy: White = 69%, Black = 47%.} 1/2-1/2

[Event "79th ITA-ch 2019"]
[Site "Padova"]
[Date "2019.11.26"]
[Round "3.4"]
[White "Lodici, Lorenzo"]
[Black "Di Benedetto, Edoardo"]
[Result "1-0"]
[WhiteElo "2459"]
[BlackElo "2396"]
[Annotator "TA"]
[PlyCount "71"]
[EventDate "2019.11.24"]
[EventType "tourn"]
[EventCountry "ITA"]
[SourceTitle "playchess.com"]
[Source "ChessBase"]
[SourceQuality "1"]

{[%evp 13,71,8,8,5,11,15,29,12,10,17,77,72,77,70,110,106,114,116,140,126,182,184,192,195,215,206,210,129,200,185,208,189,205,204,218,218,217,212,219,214,221,226,537,533,643,690,694,691,677,653,818,783,29967,29944,29976,29975,29974,29976,29998,29999]} 1. d4 d5 2. c4 e6 3. Nc3 Be7 4. Nf3 Nf6 5. g3 O-O 6. Bg2 dxc4 7. Ne5 Nc6 8. Bxc6 {E06: Closed Catalan: Early deviations} bxc6 9. Nxc6 Qe8 10. Nxe7+ {White has an edge.} Qxe7 11. Qa4 e5 (11... c5 $11 12. dxc5 Qxc5) (11... c5 12. dxc5 Qxc5 13. Be3 Qc7 14. O-O-O Ng4 15. Rd2 Nxe3 16. fxe3 Rb8 17. Rhd1 a5 18. Kb1 h6 19. Ka1 Rb4 {1-0 (49) Caruana,F (2822)-Nakamura,H (2777) Saint Louis 2018}) 12. dxe5 $146 ({Predecessor:} 12. Qxc4 Bb7 13. O-O Rad8 14. dxe5 Qxe5 15. Bf4 Qh5 {1-0 (30) Kanter,E (2369)-Romanov,V (1906) Yekaterinburg 2019}) 12... Qxe5 13. Qxc4 Bb7 14. Bf4 Qh5 15. f3 Rad8 16. O-O (16. Bxc7 Rc8 $15) (16. Qxc7 Bxf3 17. O-O Bxe2 $15) 16... Qh3 (16... Nd5 $16 {was called for.} 17. Nxd5 Qxd5) 17. Bg5 $1 $18 ({Stronger than} 17. Qxc7 Ng4 $15) 17... Qf5 18. Bxf6 ({Don't play} 18. Qxc7 $6 Qxg5 19. Qxb7 Qc5+ 20. Kh1 Rb8 $14) 18... Qxf6 19. Qxc7 Qd4+ 20. Rf2 Qb4 (20... Rd7 $16 21. e3 Rxc7 22. exd4 Rd7) 21. e4 Rd3 22. Re1 Rc8 23. Qe5 a6 24. Ree2 Rcd8 25. Kg2 h6 26. h4 Bc6 27. Qc7 R3d6 $2 (27... Qd6 28. Qxd6 R8xd6) 28. e5 R8d7 29. exd6 Rxc7 30. dxc7 Qb7 {[#]} 31. Nd5 $1 {[%mdl 512]} Bd7 (31... Bxd5 32. Re8+) 32. Rc2 Qxd5 {[#]} 33. Rfd2 $1 {White mates.} Qf5 {[#]} 34. g4 $1 Qg6 35. h5 Qh7 36. c8=Q+ {[%mdl 64] Back Rank. Accuracy: White = 97%, Black = 18%.} 1-0

[Event "79th ITA-ch 2019"]
[Site "Padova"]
[Date "2019.11.26"]
[Round "3.6"]
[White "Gilevych, Artem"]
[Black "Valsecchi, Alessio"]
[Result "1/2-1/2"]
[WhiteElo "2437"]
[BlackElo "2504"]
[Annotator "TA"]
[PlyCount "111"]
[EventDate "2019.11.24"]
[EventType "tourn"]
[EventCountry "ITA"]
[SourceTitle "playchess.com"]
[Source "ChessBase"]
[SourceQuality "1"]

{[%evp 9,111,-8,0,-1,11,9,16,0,-4,-8,0,-8,-5,-36,-22,-27,-37,0,0,-14,-30,-39,10,6,40,6,46,43,40,49,43,0,0,0,104,103,105,-19,121,134,153,133,160,128,156,148,189,174,293,280,276,213,225,218,252,53,60,60,109,100,102,102,102,97,98,8,8,8,8,8,8,6,27,4,10,9,10,0,0,0,0,0,0,8,17,17,17,0,0,0,0,0,0,0,8,0,0,0,0,0,0,0,0,0]} 1. d4 d5 2. Nc3 g6 3. Bf4 (3. e4 dxe4 4. Nxe4 Bg7 5. Nf3 Bg4 6. c3 Nd7 7. Bc4 Ngf6 8. Neg5 O-O 9. h3 Bxf3 10. Nxf3 e6 11. O-O c5 12. dxc5 Nxc5 13. Qxd8 Rfxd8 {½-½ (50) Grandelius,N (2643)-Malakhov,V (2713) Doha 2016}) 3... Bg7 4. e3 c6 5. h4 h5 6. Nf3 $146 {D00: 1 d4 d5: Unusual lines} ({Predecessor:} 6. Bd3 Nh6 7. Nge2 Nd7 8. Bg5 Nf6 9. Qd2 Nf5 10. f3 Nd6 {1-0 (30) Schmidt,H-Neukirch,D Krumpa 1972}) 6... Bg4 7. Qd2 Nd7 8. Ne5 Nxe5 9. dxe5 Nh6 10. f3 Be6 11. O-O-O Qc7 12. e4 dxe4 13. Nxe4 Bxe5 14. Bxe5 Qxe5 15. Ng5 Nf5 16. Re1 Qd5 17. Nxe6 fxe6 18. Qc3 O-O-O 19. Bc4 Qd6 20. Rxe6 Qf4+ 21. Kb1 Qd4 {[#]} (21... Qxh4 $11 22. Rhe1 Qd4) 22. Bd3 $1 $16 Nxh4 23. Qe1 ({Of course not} 23. Rxe7 Qxc3 24. bxc3 Nxg2 $15) (23. Qd2 $16 Nf5 24. Qg5 (24. Rxg6 Kb8 $16)) 23... Nf5 (23... Nxg2 $11 24. Qg3 Ne3 25. Rxe7 Nd5) 24. Rxg6 Nd6 25. Qxe7 Rhe8 26. Qg7 Re5 {Threatens to win with ...Nc4.} 27. a3 c5 28. Rd1 {Be2! is the strong threat.} Rd7 (28... Rd5 $142) 29. Qh8+ $18 Kc7 {aiming for ...Re1!} 30. Be2 Qe3 31. Bf1 c4 32. Qh6 $2 (32. Ka2 $18) 32... Qxh6 $14 33. Rxh6 b5 34. g3 Nf7 35. Rxd7+ Kxd7 $16 {[%mdl 4096] Endgame KRB-KRN} 36. Bh3+ Ke7 37. Ra6 (37. Rh7 $16) 37... Ng5 $132 {[%mdl 2048] Black is not holding back} 38. Rxa7+ Kd6 39. Bc8 {And now Rd7+ would win.} Nxf3 40. Rd7+ Kc6 41. Rd1 Rg5 {The position is equal.} 42. Bd7+ Kc5 43. Be8 Re5 44. Bf7 Rf5 45. b4+ cxb3 $1 46. Bxb3 Nd4 47. Rd3 Re5 48. Bf7 Ne2 49. Rb3 Rg5 50. Be8 Kd6 51. Rd3+ Kc7 52. Ka1 Rxg3 53. Bxh5 Rxd3 54. cxd3 Nf4 {[%mdl 64] [#] Double Attack} 55. Be8 b4 56. axb4 {Accuracy: White = 50%, Black = 57%.} 1/2-1/2

[Event "79th ITA-ch 2019"]
[Site "Padova"]
[Date "2019.11.27"]
[Round "4.2"]
[White "Moroni, Luca Jr"]
[Black "Gilevych, Artem"]
[Result "1/2-1/2"]
[WhiteElo "2541"]
[BlackElo "2437"]
[Annotator "TA"]
[PlyCount "233"]
[EventDate "2019.11.24"]
[EventType "tourn"]
[EventCountry "ITA"]
[SourceTitle "playchess.com"]
[Source "ChessBase"]
[SourceQuality "1"]

{[%evp 9,233,38,50,26,27,24,48,26,38,35,73,74,138,50,56,47,48,48,52,46,47,48,77,40,38,35,47,43,46,46,46,46,46,46,80,42,47,32,37,32,43,29,40,12,24,15,25,0,23,-9,29,-24,24,-4,20,0,18,8,8,13,21,0,19,17,23,14,20,-15,17,0,0,0,18,16,17,22,18,16,24,6,8,0,0,0,0,0,13,0,24,20,23,18,18,16,32,16,27,16,18,12,17,7,16,16,16,16,16,0,16,16,16,16,16,0,16,17,25,24,19,14,12,7,14,0,8,8,8,0,0,0,0,0,0,0,0,0,0,0,0,0,0,0,0,0,0,0,0,0,0,0,0,0,0,0,0,0,0,0,0,0,0,-431,-409,-976,-921,-644,-363,-668,-102,-1506,-1288,-8962,-5073,-29975,-29975,-29975,-29974,-29973,-29968,-12834,0,-10864,0,-7132,-8,-4662,-4613,-1858,0,0,0,0,8,0,0,0,0,0,0,0,0,0,0,0,0,0,0,0,0,0,0,0,0,0,0,0,0,0,0,0,0,0,0,0,0,0]} 1. e4 c5 2. Nf3 Nc6 3. d4 cxd4 4. Nxd4 Qc7 5. Be3 e6 6. c4 {B44: Sicilian: Taimanov: 5 Nb5} Nf6 7. Nc3 b6 8. Rc1 {White is slightly better.} (8. Be2 Bb7 9. Rc1 Nxd4 10. Qxd4 Bb4 11. f3 O-O 12. O-O Bc5 13. Qd3 Nh5 14. Nb5 {½-½ (27) Zajic,M (2483)-Perunovic,M (2618) Kragujevac 2016}) 8... Bb7 9. f3 a6 10. Nb3 $146 ({Predecessor:} 10. Nd5 exd5 11. cxd5 Nxd5 12. exd5 Qe5 13. Kf2 Nb4 14. Bc4 Bc5 15. a3 Nxd5 16. Bxd5 Qxd5 {½-½ (29) Akesson,R (2445)-Oliva Castaneda,K (2500) Montcada 2016}) 10... Ne5 (10... Bb4 $142) 11. Qd2 (11. Qd4 $1 $16) 11... d6 $14 12. Be2 Be7 13. O-O O-O 14. Rfd1 Rac8 15. Na4 Ned7 16. Nd4 Qb8 17. b4 Bd8 18. Nb3 Bc7 {next ...d5 is good for Black.} 19. Bf4 {[%cal Rf4d6]} Ne5 20. Bxe5 dxe5 21. c5 Bc6 22. Nb2 b5 23. Qc3 (23. Nd3 {seems wilder.} Nd7 24. Qb2 f5 25. Nf2 Nf6 26. Bd3) 23... Rfd8 24. Ra1 (24. Nd3 {is more complex.} Nd7 25. Nf2 Nf8 26. Qe3 Ng6 27. g3) 24... Rxd1+ 25. Bxd1 (25. Rxd1 {is interesting.} Nh5 26. Nd3 Nf4 27. Bf1 Rd8 28. g3) 25... Nd7 26. Be2 Qb7 27. Qe1 Rd8 28. a3 h6 29. Bf1 Kf8 30. Qc3 (30. Rd1 $142) 30... Kg8 31. Be2 f6 32. Bd1 Kf7 33. Qe1 Nb8 34. Be2 Nd7 35. Qc3 Ke7 36. Bf1 Kf7 37. Qe1 Kf8 38. Be2 Kg8 39. Bd1 Nb8 40. Be2 Nd7 41. Rd1 Nb8 42. Rxd8+ Bxd8 43. Qd1 Qd7 44. Qxd7 (44. Kf2 {keeps more tension.} f5 45. Bd3 g6 46. g3 Bb7 47. Bc2) 44... Bxd7 45. Nd1 Nc6 46. Nc3 Kf7 47. Nc1 Nd4 48. Bd1 Bc7 49. Kf2 g6 50. Ke3 h5 51. Nd3 Ke7 52. Ne2 Nc6 53. Bb3 Be8 54. h3 Bd7 55. Nc3 Nd4 56. Bd1 g5 57. Ne2 Nc6 58. Nc3 Nd4 59. Ne1 Nc6 60. Bb3 Nd4 61. Bd1 (61. Ba2 {with more complications.} h4 62. Ne2 Nc6 63. Nc2 Ke8 64. Kd3) 61... Nc6 62. Nc2 Na7 63. Be2 Nc6 64. Bf1 Nb8 65. Kd2 Kd8 66. Kc1 Kc8 67. Kb2 Kb7 68. a4 bxa4 69. Ka3 Nc6 70. Nxa4 Nd4 71. Nxd4 exd4 $11 {[%mdl 4096] Endgame KBB-KBN} 72. Nb2 Bf4 73. Kb3 Bb5 74. Bc4 e5 75. Nd3 Bd2 76. Nb2 Be1 77. Na4 Kc6 78. Bd5+ Kc7 79. Bc4 Kc6 80. Nb6 a5 81. bxa5 Bxa5 82. Nd5 d3 83. Bxb5+ Kxb5 {KB-KN} 84. c6 Kxc6 85. Nxf6 $2 {[%mdl 8192]} (85. Kc4 $11 {and White is okay.}) 85... Kc5 $1 $19 {[%cal Rc5d4]} 86. Nd5 (86. h4 $142 gxh4 87. Kb2) 86... Kd4 87. Kb2 Bd2 88. Kb3 $2 {[#]} (88. Kb1 g4 89. hxg4) 88... g4 $2 (88... Bc1 $1 $19 {is more deadly.} 89. g3 {[#]} g4 $1 {[%mdl 512]} 90. fxg4 hxg4 91. hxg4 Kxe4) 89. hxg4 $2 {[%mdl 8192]} (89. Kb2 $17) 89... hxg4 90. Kb2 g3 91. Kb1 Bh6 92. Kb2 Bg5 93. Kb1 Kc4 94. Kb2 Kd4 95. Kb1 $1 {If only White now had time for Kb2....} Kc4 {( -> ...Kb3)} 96. Kb2 Bd2 $2 ({Better is} 96... d2 $19 97. Kc2 Kd4) 97. Nb6+ $2 {[%mdl 8192]} (97. Ne7 $11) 97... Kd4 98. Nd5 Be3 $2 (98... Bh6 $19 99. Kb1 d2) 99. Ne7 $1 $11 {[%cal Re7f5] Threatens to win with Nf5+.The position is equal.} Kc4 (99... d2 $5 100. Kc2 $8 Bf4 101. Nf5+ Kc4 $11) 100. Nf5 Bc5 {aiming for ...Ba3+!} 101. Nxg3 Be3 102. Nf5 Bg5 103. Nd6+ Kd4 104. Nf5+ Kc4 105. g3 Bd2 106. Ng7 Kd4 {Hoping for ...Ke3.} 107. Nf5+ Kc4 108. g4 Bf4 109. Ng7 Kd4 {Strongly threatening ...Ke3.} (109... d2 $5 110. Kc2 $8 Kd4 $11) 110. Nf5+ $1 Kc4 111. Ne7 Kd4 {...Ke3 is the strong threat.} (111... Bh6 {feels hotter.} 112. Nd5 Kd4 113. Kb1 Bd2 114. Kb2 Bh6) 112. Nd5 Bd2 113. Kb1 Bg5 114. Kb2 Bd2 115. Kb1 Bg5 116. Kb2 Bd2 117. Kb1 {Accuracy: White = 45%, Black = 58%.} 1/2-1/2